000
00335nam a22001457a 4500
003
OSt
008
220521b ||||| |||| 00| 0 eng d
020
_a
978-1-84-794183-1
082
_a
155.24 CHA
100
_a
CLEAR, James
245
_a
Atomic Habits
260
_a
London
_b
RH Business Book
_c
2018
300
_a
306
942
_2
ddc
_c
BK
999
_c
11256
_d
11256